| 000 | 00972nam a22002417a 4500 | ||
|---|---|---|---|
| 005 | 20180310104136.0 | ||
| 010 | _a1617EN ENG-117599 | ||
| 020 |
_a9788175248045 _c700.00 |
||
| 035 | _aEN-101131 | ||
| 035 | _aB-648037-044 | ||
| 035 | _aB-663978 | ||
| 037 |
_bPBD _aDBAD/PUB |
||
| 037 | _bDPL | ||
| 082 | _a613.7046 | ||
| 100 | _aChavan, Uday | ||
| 245 |
_aYoga education / _cby Uday Chavan |
||
| 260 |
_aNew Delhi _bKhel Sahitya Kendra _c2016 |
||
| 270 |
_a7/26, Ansari Raod, Daryaganj _bNew Delhi _e110002 |
||
| 300 |
_a248p. _b22cm(HB) |
||
| 942 |
_2ddc _cEN _h613.7046 _mCHA |
||
| 999 |
_c102498 _d102498 |
||